000 00940nam a22001697a 4500
999 _c61379
_d61379
003 Ge_BSU
005 20240227165658.0
008 240227s1981 ge ||||| |||| 00| 0 geo d
041 _ageo
080 _a821.112.2.09(075.8) ჯ-26
100 _aჭარხალაშვილი, ზურაბ
_921304
245 _aგერმანული ლიტერატურის ისტორიისა და ლიტერატურის თეორიის საკითხები :
_b[დამხმ. სახელმძღვ. ფილოლოგ. ფაკ-ტის სტუდენტებისათვის] /
_cზურაბ ჭარხალაშვილი.
264 _aთბ. :
_bგანათლება,
_c1981.
300 _a315 გვ. ;
_b23 სმ.
653 _aგერმანული ლიტერატურის ისტორია
942 _2udc
_cᲬᲘᲒᲜᲘ